Akosť chemických výrobkov

Salvato in:
Dettagli Bibliografici
Autore principale: Kapišinský, Zeno
Altri autori: Kapišinská, Veronika, Palčová, Xénia
Natura: Libro
Lingua:slovacco
Pubblicazione: Bratislava Alfa 1986
Edizione:1. vyd.
Serie:Edícia chemickej literatúry
Tags: Aggiungi Tag
Nessun Tag, puoi essere il primo ad aggiungerne!!

MARC

LEADER 00000nam a2200000 4500
001 c024245
005 20221219100352.7
041 0 |a slo 
044 |a SK 
245 1 0 |a Akosť chemických výrobkov  |c Zeno Kapišinský, Veronika Kapišinská, Xénia Palčová 
250 |a 1. vyd. 
264 1 |a Bratislava  |b Alfa  |c 1986 
300 |a 457 s. 
490 1 |a Edícia chemickej literatúry 
830 0 |a Edícia chemickej literatúry 
100 1 |a Kapišinský, Zeno 
700 1 |a Kapišinská, Veronika 
700 1 |a Palčová, Xénia